000 00374nam a22001577a 4500
003 MPLRDC
005 20220104123416.0
008 210129b ||||| |||| 00| 0 eng d
082 _a388.895 DCS
100 _a邓树昭编著
245 _a鸽子饲育法
_c
260 _a
_b大地出版社
_c
300 _b
650 _a各种鸟类--鸽
942 _cBK
_o388.895 DCS
999 _c11193
_d11183